000 00344nam a2200145Ia 4500
999 _c14401
_d14401
003 OSt
005 20260317180402.0
008 260210s9999 xx 000 0 und d
020 _a9780198779377
082 _a307.7609 CLA
100 _aClark
245 4 _aThe Oxford Handbook Of Cities In World History
260 _bOxford
942 _cUG
_2ddc